000
00321nam a2200133Ia 4500
008
240624s9999 xx 000 0 und d
041
_a
eng
082
_a
158 BRA
100
_a
BRANSON RICHARD
245
_a
SCREW IT LET S DO IT
260
_c
2007
_a
New Delhi
_b
Random House India
300
_a
240 : p.
365
_c
RS
_b
30
999
_c
25380
_d
25380